Statistics for Prva Hnl 22-23

Click here to take the quiz!

General Stats

  • This quiz has been taken 127 times
  • The average score is 9 of 10

Answer Stats

Answer% Correct
Dinamo Zagreb
100%
Hajduk Split
100%
Rijeka
99%
Osijek
96%
Istra 1961
95%
Hnk Gorica
87%
Sibenik
86%
Slaven Belupo
84%
Varazdin
84%
Nk Lokomotiva
83%

Score Distribution

Percentile by Number Answered

Percent of People with Each Score

Your Score History

You have not taken this quiz